Statistics for Smallest World Capitals

Click here to take the quiz!

General Stats

  • This quiz has been taken 94 times
    (63 since last reset)
  • The average score is 12 of 20

Answer Stats

PopulationCapital% Correct
856Vatican City
98%
5,248Vaduz
83%
22,884Andorra la Vella
78%
4,493San Marino
78%
35,986Monaco
76%
6,351Valletta
72%
1,100Yaren
67%
30,000South Tarawa
65%
14,847Roseau
63%
4,492Funafuti
61%
25,400Majuro
56%
13,043Basseterre
54%
391Ngerulmud
54%
7,500St. George's
52%
22,679St. John's
52%
22,400Nuku'alofa
48%
29,928Victoria
44%
12,300Belmopan
41%
28,135Bandar Seri Begawan
30%
34,828Banjul
20%

Score Distribution

Percentile by Number Answered

Percent of People with Each Score

Your Score History

You have not taken this quiz since the last reset